000 00965nam a2200205Ia 4500
003 OSt
005 20241004110142.0
007 ca aa aaaaa
008 201103s9999 xx 000 0 und d
040 _cSSBUL
041 _abur
082 _223
_a၂၉၄.၃၀၉၂ စိုး
_b၉၃၆၃ S-SAT
100 0 _aတေဇိန္ဒ၊ ဦး
_917429
245 1 0 _aဘုန်းခေါင်မေဓါထေရ်ဆရာထေရုပ္ပတ္တိစာတမ်း /
_cဦးတေဇိန္ဒ (ယုဝ-စိုးမြင့်)။
260 _aမန္တလေး ၊
_bမောင်ကို ပုံနှိပ်တိုက်၊
_c၁၉၈၀။
300 _aဃ၊ ၄၆ စာမျက်နှာ ၊
_bပုံများ၊
_c၂၁ စင်တီ။
500 _aS-SAT: Dr. Sai Aung Tun
650 _aဆရာတော် ဦးမေဓါ
_xအတ္ထုပ္ပတ္တိ
_954866
942 _2ddc
_cBK1
999 _c16870
_d16870